[Event "39th Doeberl Cup"]
[Site "Canberra AUS"]
[Date "2001.04.15"]
[Round "5"]
[White "Valenti,R"]
[Black "Rujevic,M"]
[Result "0-1"]
[WhiteElo "2159"]
[BlackElo "2332"]

1.e4 d6 2.d4 g6 3.Nc3 Bg7 4.Be3 c6 5.a4 Nf6 6.h3 Nbd7 7.g3 O-O 8.Bg2 e5 9.Nge2 Qc7
10.O-O Re8 11.Qd2 exd4 12.Nxd4 Nc5 13.f3 a5 14.Rad1 Be6 15.Nxe6 Rxe6 16.Ne2 Nxa4
17.b3 Nc5 18.Nf4 Ree8 19.Qxd6 Na6 20.Qxc7 Nxc7 21.Bb6 Rec8 22.Bxc7 Rxc7 23.e5 Nd7
24.e6 Nc5 25.exf7+ Kxf7 26.Rfe1 Re7 27.Rxe7+ Kxe7 28.Nd3 Ne6 29.Re1 Kd6 30.f4 Nd4
31.Ne5 Kc7 32.Nf3 Rd8 33.Re7+ Rd7 34.Rxd7+ Kxd7 35.Nxd4 Bxd4+ 36.Kf1 b5 37.Be4 a4
38.bxa4 bxa4 39.c3 Bxc3 40.Ke2 Kd6 41.Bc2 a3 42.Bb3 c5 43.Kd3 Be1 44.g4 Bg3
45.Ke4 h6 46.Bc4 Bh4 47.Ba2 Bf6 48.Bc4 Kc6 49.Kd3 Kb6 50.Ke4 Ka5 51.Kd3 Kb4
52.Ba2 Bb2 53.Bd5 Bc1 54.f5 gxf5 55.gxf5 Bg5 56.Bc4 Bf6 57.Ba2 Kb5 58.Bc4+ Kc6
59.Ke4 Kd6 60.Ba2 Bd4 61.Be6 Ke7 62.Kf3 Kf6 63.Kg4 Ke5 64.Kh5 Ke4 65.Bc4 Kxf5
66.Kxh6 Ke4 67.Kg6 Bf2 68.Ba2 Kd3 69.Kf5 c4  0-1

[Event "Open"]
[Site "Dubai UAE"]
[Date "2001.04.15"]
[Round "1"]
[White "Shetty,R"]
[Black "Sturua,Z"]
[Result "1/2-1/2"]
[WhiteElo "2318"]
[BlackElo "2600"]

1.e4 g6 2.d4 Bg7 3.Nc3 d6 4.Nf3 Nf6 5.h3 O-O 6.Be3 c6 7.a4 Nbd7 8.a5 Rb8
9.Be2 b5 10.axb6 axb6 11.O-O b5 12.e5 Ne8 13.Bf4 Nb6 14.Re1 Be6 15.Ng5 Bf5
16.Bf3 b4 17.Na2 Nd5 18.Bd2 Nec7 19.c4 bxc3 20.bxc3 dxe5 21.dxe5 Ne6 22.Nxe6 Bxe6
23.Qc1 c5 24.Bh6 Qb6 25.Bxg7 Kxg7 26.c4 Nc7 27.Nc3 Bxc4 28.Na4 Qb5 29.Re4 Bd3
30.Rh4 Qb1 31.Nxc5 Qxc1+ 32.Rxc1 Bf5  1/2-1/2

[Event "Open"]
[Site "Lenk SUI"]
[Date "2001.04.15"]
[Round "5"]
[White "Meszaros,Gyu"]
[Black "Raeber,M"]
[Result "1-0"]
[WhiteElo "2390"]
[BlackElo "2275"]

1.d4 g6 2.e4 Bg7 3.Nc3 d6 4.Be3 Nf6 5.f3 c6 6.Qd2 b5 7.g4 Qa5 8.Nge2 O-O
9.Ng3 e5 10.h4 b4 11.Nce2 exd4 12.Nxd4 d5 13.h5 c5 14.Nb3 Qc7 15.Bf4 Qe7
16.O-O-O c4 17.Nd4 c3 18.Qh2 cxb2+ 19.Kb1 b3 20.cxb3 Bd7 21.e5 Rc8 22.hxg6 hxg6
23.exf6 Qxf6 24.Nge2 Nc6 25.Qh7+ Kf8 26.Bh6 Bxh6 27.Qxh6+ Ke7 28.Qh4 g5 29.Qh6 Qe5
30.Qh2 Qf6 31.Nc3 Be6 32.Ndb5 Ne5 33.Rxd5 Rh8 34.Qg1 Qg6+ 35.Ne4  1-0

[Event "32nd Open"]
[Site "Mar del Plata ARG"]
[Date "2001.04.15"]
[Round "9"]
[White "Roselli Mailhe,B"]
[Black "Franco Ocampos,Z"]
[Result "0-1"]
[WhiteElo "2413"]
[BlackElo "2496"]

1.e4 g6 2.d4 Bg7 3.Nc3 d6 4.f4 a6 5.Nf3 b5 6.a4 b4 7.Nd5 Bb7 8.Bd3 Bxd5 9.exd5 Nf6
10.O-O Nxd5 11.f5 Nd7 12.fxg6 hxg6 13.Ng5 N7f6 14.c4 bxc3 15.bxc3 O-O 16.Qe1 Qd7
17.c4 Nb6 18.a5 Nc8 19.Be2 Rb8 20.Qh4 Re8 21.Ra3 d5 22.c5 Rb1 23.Rg3 Na7
24.Bd3 Rxc1 25.Rxc1 Nc6 26.Rf1 Nd8 27.Rh3 Ne6 28.Nf3 Qa4 29.Re1 Nf8 30.Bxa6 Ne4
31.Kh1 Bf6 32.Qf4 Nf2+ 33.Kg1 Nxh3+ 34.gxh3 Qxa5 35.Bf1 Rb8 36.h4 Rb4 37.Qd2 Qa4
38.h5 c6 39.hxg6 Nxg6 40.Bd3 Bxd4+ 41.Kh1 Bf6 42.Qg2 Rg4 43.Qh3 Kg7 44.Bf5 Rf4
45.Rg1 Bd4 46.Bxg6 fxg6 47.Rxg6+ Kxg6  0-1

[Event "Israel Open Ch"]
[Site "Tel Aviv ISR"]
[Date "2001.04.15"]
[Round "7"]
[White "Kantsler,B"]
[Black "Bitansky,I"]
[Result "1-0"]
[WhiteElo "2507"]
[BlackElo "2323"]

1.d4 g6 2.e4 Bg7 3.Nc3 d6 4.Bg5 a6 5.Bc4 b5 6.Bb3 Bb7 7.Nf3 Nd7 8.O-O c5
9.Bd5 Qc8 10.Re1 cxd4 11.Nxd4 Nb6 12.Nb3 Nf6 13.Na5 Nbxd5 14.Nxd5 Nxd5 15.exd5 f6
16.Bf4 Kf7 17.Qd2 Qc7 18.c4 bxc4 19.Rac1 Rac8 20.Nxc4 Qd8 21.Be3 Re8 22.b4 Bf8
23.Nb6 Rxc1 24.Rxc1 Bh6 25.Qd4 Bxe3 26.Qxe3 e6 27.Qd4 e5 28.Qe3 Re7 29.a4 Rc7
30.a5 f5 31.Rc3 f4 32.Qc1 Re7 33.g3 g5 34.Qc2 Kf6 35.Rc4 h6 36.Qa4 Qg8 37.b5 Bxd5
38.Rc8 Qe6 39.Qd1 Bb7 40.Rd8 d5 41.bxa6 d4 42.axb7 Rxb7 43.Qc2 e4 44.Qc5 e3
45.Rd6  1-0

[Event "Open"]
[Site "Dubai UAE"]
[Date "2001.04.17"]
[Round "3"]
[White "Shetty,R"]
[Black "Dzhumaev,M"]
[Result "1/2-1/2"]
[WhiteElo "2318"]
[BlackElo "2514"]

1.e4 g6 2.d4 Bg7 3.Nc3 d6 4.Be3 c6 5.a4 Nf6 6.h3 Qa5 7.Qd2 e5 8.dxe5 dxe5
9.Nf3 O-O 10.Bd3 Nbd7 11.O-O Qb4 12.a5 Qe7 13.Na4 Rd8 14.Rad1 Nf8 15.Bc5 Qc7
16.Qc3 Ne6 17.b4 Nd4 18.Bxd4 exd4 19.Qd2 b6 20.Rfe1 bxa5 21.bxa5 c5 22.Bc4 h6
23.a6 Rb8 24.Nc3 Bxa6 25.Bxa6 dxc3 26.Qe3 Rxd1 27.Rxd1 Qc6 28.Bc4 Qxe4 29.Qxc5 Qxc2
30.Bxf7+ Kh8 31.Re1 Rb1 32.Qe3 Rxe1+ 33.Nxe1 Qd2 34.Bxg6 Qxe3 35.fxe3 a5
36.Kf2 Nd5 37.Nc2 Bf8 38.Ke2 Kg7 39.Be4 Nb6 40.Kd3 Bb4 41.Nxb4 axb4 42.Kd4 Nc8
43.Bd3 Ne7 44.Bc2 Kf6 45.e4 Ng6 46.Kc4 Nf4 47.Kxb4  1/2-1/2

[Event "Open"]
[Site "Dubai UAE"]
[Date "2001.04.18"]
[Round "4"]
[White "Somev,A"]
[Black "Sermek,D"]
[Result "0-1"]
[WhiteElo "2106"]
[BlackElo "2525"]

1.e4 g6 2.d4 Bg7 3.Nc3 d6 4.Be3 a6 5.h3 b5 6.Bd3 Bb7 7.Nce2 c5 8.c3 Nf6 9.Qb1 Nc6
10.Nf3 cxd4 11.Nexd4 O-O 12.O-O e5 13.Nb3 Na5 14.Bg5 Nc4 15.Bxc4 bxc4 16.Nbd2 Qc7
17.Re1 d5 18.Bxf6 Bxf6 19.exd5 Bxd5 20.Ne4 Bg7 21.Qd1 Rad8 22.Qe2 f5 23.Ned2 Rde8
24.Red1 e4 25.Ne1 f4 26.Nf1 Re5 27.Rd2 f3 28.Qd1 Be6 29.Ne3 Rg5 30.h4 Rh5
31.g3 Be5 32.Nd5 Qf7 33.Ne3 Rxh4 34.Rd8 Bxg3 35.Rxf8+ Qxf8 36.N3g2 Rh1+ 37.Kxh1 Qh6+  0-1

[Event "4th Open"]
[Site "Tanta City EGY"]
[Date "2001.04.18"]
[Round "1"]
[White "Hassan,Say"]
[Black "Spasov,V"]
[Result "1/2-1/2"]
[WhiteElo "2363"]
[BlackElo "2571"]

1.e4 g6 2.d4 Bg7 3.Nc3 d6 4.f4 Nf6 5.Nf3 O-O 6.e5 Nfd7 7.h4 c5 8.h5 cxd4
9.Qxd4 dxe5 10.Qf2 e4 11.Ng5 Nf6 12.hxg6 hxg6 13.Qh4 Bf5 14.Be3 Nc6 15.Bc4 e6
16.Be2 Nd4 17.O-O-O Nxe2+ 18.Nxe2 Qe7 19.Bd4 Rfd8 20.Nh7 Nd5 21.Ng5 Nf6 22.Nh7 Nd5
23.Ng5  1/2-1/2

[Event "Classics IMB"]
[Site "Gausdal NOR"]
[Date "2001.04.19"]
[Round "6"]
[White "Adnoy,H"]
[Black "Badea,B"]
[Result "1/2-1/2"]
[WhiteElo "2185"]
[BlackElo "2492"]

1.e4 g6 2.d4 Bg7 3.Nc3 d6 4.Be3 a6 5.a4 Nf6 6.Qd2 O-O 7.h3 e5 8.d5 Kh8 9.g4 Ng8
10.Nge2 f5 11.exf5 gxf5 12.gxf5 Ne7 13.O-O-O Nxf5 14.Bg2 Nxe3 15.fxe3 Qh4
16.Ne4 Bf5 17.N2g3 Bg6 18.Qe2 h5 19.Bf3 Nd7 20.Rhg1 Bh6 21.Kb1 Rg8 22.Rgf1 Raf8
23.Rf2 Rg7 24.Rdf1 Rgf7 25.Bg2 Rxf2 26.Rxf2 Rxf2 27.Qxf2 Nb6 28.Nc3 Nc4 29.Nd1 b5
30.axb5 axb5 31.Bf1 Nb6 32.Bxb5 Nxd5 33.Bd3 Bxd3 34.cxd3 Qxh3 35.Qf3 Qg4
36.Qxd5 Qxg3 37.Qe6  1/2-1/2

[Event "4th Open"]
[Site "Tanta City EGY"]
[Date "2001.04.20"]
[Round "3"]
[White "Kasparov,S"]
[Black "Spasov,V"]
[Result "1/2-1/2"]
[WhiteElo "2456"]
[BlackElo "2571"]

1.e4 g6 2.d4 Bg7 3.Nc3 d6 4.g3 Nf6 5.Bg2 O-O 6.Nge2 e5 7.O-O Nbd7 8.h3 a6
9.a4 Rb8 10.a5 b5 11.axb6 cxb6 12.Be3 b5 13.f4 Bb7 14.Nd5 Bxd5 15.exd5 e4
16.Rxa6 Nxd5 17.Bd2 Qe7 18.c3 N7b6 19.b3 f5 20.Qc2 Qc7 21.Qb2 Rfc8 22.Rfa1 Ne7
23.Ra7 Rb7 24.Qa3 Rxa7 25.Qxa7 Qd8 26.Qa2 Ra8 27.Qb2 Nc6 28.Bf1 b4 29.cxb4 Rxa1
30.Qxa1 Ne7 31.b5 Ned5 32.Kh1 h5 33.h4 Qc7  1/2-1/2

[Event "Open"]
[Site "Dubai UAE"]
[Date "2001.04.22"]
[Round "7"]
[White "Hamed,Ah"]
[Black "Dzhumaev,M"]
[Result "1-0"]
[WhiteElo "2331"]
[BlackElo "2514"]

1.e4 g6 2.d4 Bg7 3.Nc3 d6 4.f4 Nf6 5.Nf3 O-O 6.e5 Nfd7 7.Bc4 e6 8.Qe2 d5
9.Bb3 b6 10.h4 Ba6 11.Qf2 c5 12.h5 Nc6 13.hxg6 hxg6 14.Be3 Rb8 15.dxc5 bxc5
16.Bxc5 Nxc5 17.Qxc5 Rc8 18.Qf2 d4 19.O-O-O d3 20.Ng5 Qd4 21.Rh8+ Kxh8 22.Qh4+  1-0

[Event "Astral Open"]
[Site "Bucharest ROM"]
[Date "2001.04.23"]
[Round "2"]
[White "Cosma,I"]
[Black "Bogza,O"]
[Result "1-0"]
[WhiteElo "2467"]
[BlackElo "2138"]

1.d4 g6 2.e4 Bg7 3.Nc3 d6 4.h3 a6 5.a4 b6 6.Nf3 Bb7 7.Bc4 e6 8.Bg5 Ne7 9.Qd2 h6
10.Be3 Nd7 11.g4 Nf6 12.d5 e5 13.O-O-O Qd7 14.Kb1 h5 15.g5 Nh7 16.h4 O-O
17.b3 Rfb8 18.Kb2 Bc8 19.Ra1 Qe8 20.Ne1 Nf8 21.f3 Bd7 22.Qe2 Qc8 23.Nd3 Qb7
24.Nb4 a5 25.Nba2 Be8 26.Bb5 Nd7 27.Nc1 Nc5 28.Bxe8 Rxe8 29.Nd3 c6 30.Rhd1 Rab8
31.Rd2 cxd5 32.Nxc5 bxc5 33.Nxd5 Nxd5 34.Rxd5 Bf8 35.Bd2 Qc7 36.Bc3 Rb7 37.Rad1 Reb8
38.Qc4 Qb6 39.f4 exf4 40.Qf1 Re8 41.Qxf4 Re6 42.Qf3 Qc6 43.Bf6 Qxa4 44.e5 Qc6
45.Qc3 dxe5 46.Rd8 Re8 47.Rxe8 Qxe8 48.Rd8 Qe6 49.Qxc5  1-0

[Event "2nd ch-EUR Women"]
[Site "Warsaw POL"]
[Date "2001.04.23"]
[Round "2"]
[White "Krivec,J"]
[Black "Ismailova,P"]
[Result "1-0"]
[WhiteElo "2265"]
[BlackElo "2140"]

1.e4 d6 2.d4 g6 3.Nc3 Bg7 4.Be3 Nf6 5.f3 c6 6.Qd2 Nbd7 7.Bh6 O-O 8.Bxg7 Kxg7
9.O-O-O Qa5 10.h4 b5 11.Kb1 Nb6 12.h5 Nxh5 13.g4 b4 14.Nb5 Be6 15.d5 Nxd5
16.exd5 Bxd5 17.c4 bxc3 18.Nxc3 Bxa2+ 19.Nxa2 Qxd2 20.Rxd2 Ng3 21.Bg2 Nxh1
22.Bxh1 h5 23.gxh5 Rh8 24.f4 Rxh5 25.Bxc6 Rc8 26.Bf3 Rh4 27.Ne2 Rb8 28.Nac3 Rh2
29.Rd4 Rf2 30.Be4 a5 31.Bd3 Rf3 32.Kc2 Rb4 33.Rd5 a4 34.Ra5 e5 35.fxe5 dxe5
36.Rxe5 Rh3 37.Ra5 Rhh4 38.Ra7 g5 39.Ra5 Rhg4 40.Nd5 Rb8 41.Ne3 Rgb4 42.Rxg5+ Kh6
43.Rg2 Rxb2+ 44.Kc1 R2b4 45.Nf5+ Kh5 46.Nfd4 Rc8+ 47.Kd2 Rc5 48.Nf4+ Kh6
49.Rh2+ Kg5 50.Nfe6+ fxe6 51.Nxe6+ Kg4 52.Nxc5 a3 53.Rh1 Rb8 54.Rg1+ Kf4
55.Rf1+ Kg5 56.Ra1 Rc8 57.Ne4+ Kf4 58.Rxa3 Rd8 59.Ra1 Ke5 60.Ke3 Rc8 61.Ra5+ Ke6
62.Be2 Rc7 63.Ra6+ Ke7 64.Bg4 Rb7 65.Kf4 Rb5 66.Ra7+ Kf8 67.Bf5 Rb1 68.Kg5 Rb6
69.Bg6 Re6 70.Nf6  1-0

[Event "2nd ch-EUR Women"]
[Site "Warsaw POL"]
[Date "2001.04.23"]
[Round "2"]
[White "Kadziolka,B"]
[Black "Bosboom Lanchava,T"]
[Result "1-0"]
[WhiteElo "2164"]
[BlackElo "2351"]

1.e4 d6 2.d4 g6 3.Nc3 Bg7 4.f4 Nf6 5.Nf3 O-O 6.Be2 Na6 7.O-O c5 8.Kh1 Bg4
9.Be3 Qc8 10.Bxa6 cxd4 11.Bxd4 bxa6 12.e5 dxe5 13.fxe5 Nd7 14.Qe2 Nb6 15.Rad1 Qb7
16.b3 Rac8 17.Nb1 a5 18.c4 a4 19.Nc3 axb3 20.axb3 Nd7 21.Nd5 Nb8 22.Qe3 Nc6
23.Ba1 Rb8 24.h3 Bc8 25.Qc5 Be6 26.Qxc6 Qxb3 27.Nd4 Bxd5 28.Qxd5 Qa4 29.Nf3 e6
30.Qd7 Qxc4 31.Qxa7 Rbd8 32.Rfe1 Bh6 33.Rd7 Ra8 34.Qd4 Qc2 35.Qc3 Qf2 36.Qd4 Qg3
37.Qh4 Qxh4 38.Nxh4 Bf4 39.Red1 Kg7 40.Bc3 Ra2 41.Nf3 Rc8 42.Bd2 Bg3 43.Bg5 Rf2
44.Bf6+ Kh6 45.Rxf7 g5 46.Bxg5+ Kg6 47.Rf6+ Kg7 48.Bh6+ Kg8 49.Rd7 Rf1+ 50.Ng1 Bf2
51.Rg7+ Kh8 52.Rff7 Rxg1+ 53.Kh2 Bg3+ 54.Kxg3 Rc3+ 55.Rf3 Rxf3+ 56.Kxf3 Rf1+
57.Kg4 Rf5 58.Re7 Kg8 59.Re8+ Kf7 60.Rf8+ Kg6  1-0

[Event "Astral Open"]
[Site "Bucharest ROM"]
[Date "2001.04.24"]
[Round "3"]
[White "Szabo,G ROM"]
[Black "Istratescu,A"]
[Result "0-1"]
[WhiteElo "2398"]
[BlackElo "2561"]

1.e4 g6 2.d4 Bg7 3.Nc3 d6 4.Be3 a6 5.a4 Nc6 6.Qd2 Nf6 7.Nf3 Bg4 8.Be2 O-O
9.h3 Bxf3 10.Bxf3 e5 11.d5 Nd4 12.Be2 c6 13.O-O cxd5 14.exd5 Nf5 15.Ra3 Nxe3
16.Qxe3 Nd7 17.b4 f5 18.a5 Rc8 19.b5 axb5 20.Rb1 e4 21.Rxb5 f4 22.Qd2 f3
23.Bf1 Rxc3 24.Rxc3 Bxc3 25.Qxc3 Nc5 26.Rxc5 dxc5 27.Qxc5 Qg5 28.Qd4 fxg2
29.Bxg2 Qc1+ 30.Bf1 Qg5+ 31.Bg2 Qc1+ 32.Bf1 e3 33.Qxe3 Qxe3 34.fxe3 Kg7 35.d6 Kf6
36.Bg2 Ra8 37.Bxb7 Rxa5 38.Bc8 Rc5 39.d7 Ke7 40.Kf2 Rxc2+ 41.Kf3 Rc4 42.Kg3 g5
43.Kf3 h5 44.Kg3 Kd8 45.Kf3 Rb4 46.Kg3 Rb6 47.Kf3 Rf6+ 48.Kg3 Rf8 49.Kg2 h4
50.Bb7 Kxd7 51.Bf3 Kd6 52.Kf2 Ke5 53.Ke2 Rf6 54.Kf2 Rb6 55.Ke2 Rb2+  0-1

[Event "GMB"]
[Site "Dos Hermanas ESP"]
[Date "2001.04.24"]
[Round "6"]
[White "Korneev,O"]
[Black "Rivas Pastor,M"]
[Result "1-0"]
[WhiteElo "2572"]
[BlackElo "2429"]

1.e4 g6 2.d4 Bg7 3.Nc3 d6 4.f4 Nc6 5.Be3 Nf6 6.Nf3 e6 7.Qd2 O-O 8.O-O-O Ne7
9.Bd3 b6 10.Rhf1 c5 11.Kb1 Bb7 12.f5 exf5 13.exf5 gxf5 14.Bh6 Ne4 15.Bxe4 fxe4
16.Bxg7 Kxg7 17.Ng5 d5 18.dxc5 bxc5 19.Ncxe4 Qb6 20.Nxc5 Qxc5 21.Rxf7+ Kg8  1-0

[Event "2nd ch-EUR Women"]
[Site "Warsaw POL"]
[Date "2001.04.24"]
[Round "3"]
[White "Sudakova,I"]
[Black "Agababean,N"]
[Result "1-0"]
[WhiteElo "2256"]
[BlackElo "2362"]

1.e4 g6 2.d4 Bg7 3.Nc3 d6 4.Be3 c6 5.f4 e6 6.Qf3 Ne7 7.O-O-O b5 8.g4 b4 9.Nce2 d5
10.e5 Qa5 11.Kb1 Nd7 12.Nc1 Rb8 13.Bd3 Ba6 14.f5 exf5 15.Bg5 Bxd3 16.Nxd3 fxg4
17.Qe2 h6 18.Bxe7 Kxe7 19.Qxg4 Rb6 20.Ne2 Ra6 21.Nec1 c5 22.Rhf1 Rf8 23.dxc5 Nxc5
24.Nxb4 Rb8 25.Qf4 Qxb4 26.Qxf7+ Kd8 27.Qxd5+ Kc8 28.Qd8+ Kb7 29.Rf7+ Ka8
30.Qd5+ Rb7 31.Rxb7 Nxb7 32.Rf1 Bxe5 33.Qxe5 Rd6 34.a3 Qd4 35.Rf8+ Nd8 36.Qxd4 Rxd4
37.Rf6 Rg4 38.Rf8 Rd4 39.Rf6 Rg4 40.Nd3 Kb8 41.Ne5 Rh4 42.Rd6 Kc8 43.Rxg6 Rxh2
44.Rg8 Kc7 45.Rg7+ Kb6 46.Rg6+ Kc7 47.Rg7+ Kb6 48.Rd7 Nb7 49.Nc4+ Kc6 50.Ne5+ Kb6
51.Rh7 a6 52.Ng4 Rh1+ 53.Ka2 h5 54.Nf6 h4 55.Rh6 Kb5 56.b3 a5 57.a4+ Kc5
58.Kb2 Kd4 59.Rh5 h3 60.Ng4 Nc5 61.c3+  1-0

[Event "Astral Open"]
[Site "Bucharest ROM"]
[Date "2001.04.25"]
[Round "5"]
[White "Miljanic,B"]
[Black "Istratescu,A"]
[Result "0-1"]
[WhiteElo "2386"]
[BlackElo "2561"]

1.e4 g6 2.d4 Bg7 3.Nc3 d6 4.Be3 a6 5.Qd2 b5 6.Bd3 Nd7 7.a4 b4 8.Nce2 c5 9.c3 bxc3
10.bxc3 Qa5 11.Nf3 Ngf6 12.O-O O-O 13.d5 c4 14.Bc2 Nc5 15.Ng3 Rb8 16.Nd4 Bd7
17.Ra3 Ng4 18.Bg5 Rfe8 19.h3 Ne5 20.Bh6 Bh8 21.f4 Ned3 22.Qe3 Rb2 23.Nge2 e6
24.dxe6 Nxe6 25.Nxe6 Bxe6 26.Bxd3 cxd3 27.Nd4 Bd5 28.Qc1 Bxd4+ 29.cxd4 Rc2
30.exd5 Rxc1 31.Rxc1 d2  0-1

[Event "2nd ch-EUR Women"]
[Site "Warsaw POL"]
[Date "2001.04.25"]
[Round "4"]
[White "Matras,A"]
[Black "Paehtz,E"]
[Result "0-1"]
[WhiteElo "2220"]
[BlackElo "2358"]

1.e4 g6 2.d4 Bg7 3.Nc3 d6 4.f4 Nf6 5.Nf3 O-O 6.Be3 Na6 7.Bd3 c5 8.Qe2 Ng4
9.Bg1 cxd4 10.Bxd4 e5 11.fxe5 dxe5 12.Bg1 Qa5 13.h3 Nf6 14.Bh2 Nh5 15.Bc4 Nc7
16.Qf2 Be6 17.Bxe6 Nxe6 18.O-O Nhf4 19.Ne2 Qb4 20.Nxf4 exf4 21.c3 Qxe4 22.Nd2 Qc2
23.Nc4 Qd3 24.Na3 g5 25.Rad1 Qg6 26.Rd7 b6 27.Nb5 Qf5 28.c4 Rfd8 29.Nd6 Qg6
30.Qf3 Rxd7 31.Qxa8+ Rd8 32.Qc6 Nd4  0-1

[Event "2nd ch-EUR Women"]
[Site "Warsaw POL"]
[Date "2001.04.25"]
[Round "4"]
[White "Hlgatian,G"]
[Black "Ismailova,P"]
[Result "0-1"]
[WhiteElo "2258"]
[BlackElo "2140"]

1.e4 g6 2.d4 Bg7 3.Nc3 d6 4.f4 Nd7 5.Nf3 c6 6.a4 e5 7.dxe5 dxe5 8.Bc4 Qe7
9.Qe2 Ngf6 10.O-O O-O 11.Kh1 exf4 12.Bxf4 Nh5 13.Bg5 Qb4 14.e5 Kh8 15.a5 b5
16.Bb3 h6 17.Bd2 Nc5 18.Na2 Qg4 19.Rad1 Nxb3 20.cxb3 Be6 21.Bb4 Rfe8 22.Nc1 Qxb4
23.Nd3 Qxb3 24.Nd2 Qa4 25.b4 Qa2 26.Rc1 Bc4 27.Rc3 Rad8 28.Qe3 Bxd3 29.Rxd3 Rxd3
30.Qxd3 Rxe5 31.Qd8+ Kh7 32.Nf3 Qe2 33.Rg1 Re3 34.Qc7 Rxf3 35.gxf3 Qxf3+
36.Rg2 Nf4  0-1

[Event "2nd ch-EUR Women"]
[Site "Warsaw POL"]
[Date "2001.04.26"]
[Round "5"]
[White "Agrest,S"]
[Black "Fatalibekova,E"]
[Result "0-1"]
[WhiteElo "2215"]
[BlackElo "2284"]

1.e4 d6 2.d4 g6 3.Nc3 Bg7 4.g3 Nc6 5.Be3 Nf6 6.h3 O-O 7.Bg2 e5 8.Nge2 Nd7
9.O-O Nb6 10.b3 exd4 11.Nxd4 Ne7 12.Qd2 d5 13.exd5 Nbxd5 14.Nxd5 Nxd5 15.Bh6 Bxh6
16.Qxh6 Nc3 17.Nf3 Qf6 18.Rfe1 c6 19.Ng5 Qg7 20.Qxg7+ Kxg7 21.Ne4 Nxe4 22.Rxe4 Bf5
23.Re7 Rab8 24.Rd1 Kf6 25.Re2 Rfe8 26.Red2 g5 27.g4 Be6 28.Kh2 Ke7 29.Kg3 Red8
30.c4 Rxd2 31.Rxd2 Rd8 32.Rxd8 Kxd8 33.Be4 h6 34.f4 f6 35.f5 Bf7 36.Kf3 Kc7
37.Ke3 c5 38.a4 b6 39.Bg2 Be8 40.Bd5 Kd6 41.Bf3 Bc6 42.Bxc6 Kxc6 43.h4 Kd6
44.hxg5 hxg5 45.Ke4 a6 46.a5 bxa5 47.Kd3 Ke5 48.Ke3 a4 49.bxa4 a5  0-1

[Event "2nd ch-EUR Women"]
[Site "Warsaw POL"]
[Date "2001.04.27"]
[Round "6"]
[White "Hasanova,E"]
[Black "Bosboom Lanchava,T"]
[Result "1/2-1/2"]
[WhiteElo "2249"]
[BlackElo "2351"]

1.d4 g6 2.e4 Bg7 3.Nc3 d6 4.f4 a6 5.a4 b6 6.Nf3 Bb7 7.Bc4 e6 8.f5 d5 9.exd5 exf5
10.O-O Ne7 11.Re1 h6 12.Qe2 Bf6 13.Bf4 Kf8 14.Be5 Bxe5 15.Nxe5 Rh7 16.Rad1 Qd6
17.Qe3 Nd7 18.Nxf7 Rxf7 19.Qxh6+ Kg8 20.Re6 Qb4 21.Bb3 Nf8 22.Na2 Qa5 23.Re5 Bxd5
24.c4 c6 25.Rde1 b5 26.cxd5 Nxd5 27.Nc3 Rd8 28.axb5 axb5 29.Qh4 Rfd7 30.Re7 Rxe7
31.Rxe7 Qa1+ 32.Nd1 Rd7 33.Rxd7 Nxd7 34.Qd8+ Nf8 35.Qc8 Qa5 36.Ne3 Qa1+ 37.Nd1  1/2-1/2

[Event "Astral Open"]
[Site "Bucharest ROM"]
[Date "2001.04.28"]
[Round "8"]
[White "Murariu,A"]
[Black "Itkis,B"]
[Result "1/2-1/2"]
[WhiteElo "2279"]
[BlackElo "2442"]

1.e4 g6 2.d4 Bg7 3.Nc3 d6 4.Nf3 Nf6 5.Be2 O-O 6.O-O a6 7.a4 e6 8.e5 dxe5
9.Nxe5 Nfd7 10.Nf3 Nf6 11.Bf4 b6 12.Ne5 Bb7 13.Bf3 Qc8 14.Bxb7 Qxb7 15.Qf3 Qxf3
16.Nxf3 Rc8 17.Rad1 Nc6 18.Rfe1 Nb4 19.Re2 c6 20.Be5 Nbd5 21.Ne4 Nxe4 22.Rxe4 b5
23.Bxg7 Kxg7 24.Ra1 b4 25.Ne5 c5 26.dxc5 Rxc5 27.Rc4 Rxc4 28.Nxc4 Rc8 29.b3 Nc3
30.f3 g5 31.Kf1 h5 32.a5 Rd8 33.Re1 Kf6 34.Re3 Rd1+ 35.Re1 Rd5 36.Re3 e5
37.Rd3 Rxd3 38.cxd3 Nb5 39.Ne3 Nc3 40.g3 Ke6 41.Kf2 f5 42.Nc2 Nd5 43.f4 gxf4
44.gxf4 exf4 45.Nd4+ Ke5 46.Nc6+ Kd6 47.Nb8 Nc7 48.Kf3 Kd5 49.Kxf4 Kd4 50.Kxf5 Kc3
51.d4 Kxb3  1/2-1/2

[Event "Bank Pocztowy Open A"]
[Site "Bydgoszcz POL"]
[Date "2001.04.28"]
[Round "2"]
[White "Romanov,E"]
[Black "Pacuszka,T"]
[Result "0-1"]
[WhiteElo "2172"]
[BlackElo "2306"]

1.e4 g6 2.d4 Bg7 3.Nc3 d6 4.Be3 c6 5.Qd2 b5 6.Bd3 a5 7.f4 b4 8.Nce2 Nf6 9.Nf3 Bb7
10.Ng3 Ng4 11.Bg1 Nd7 12.h3 Ngf6 13.Be3 c5 14.dxc5 Nxc5 15.Bxc5 dxc5 16.Bb5+ Kf8
17.Qe3 Bh6 18.O-O Qc7 19.Ng5 Kg7 20.Bc4 Rhf8 21.Rae1 Bxg5 22.fxg5 Nd7 23.e5 e6
24.Qf4 Rad8 25.h4 Nb6 26.h5 Qe7 27.Qf6+ Qxf6 28.gxf6+ Kg8 29.hxg6 Nxc4 30.g7 Rfe8
31.Rf4 Rd4 32.Rxd4 cxd4 33.Nh1 Rc8 34.Nf2 Ne3 35.Re2 h5 36.Rd2 Nxc2 37.g4 Ne1
38.Rd1 Nf3+ 39.Kf1 Ba6+ 40.Kg2 Bb7 41.Kg3 Nxe5 42.Rxd4 h4+ 43.Kf4 Ng6+ 44.Ke3 Bg2
45.g5 Bd5 46.Ng4 Kh7 47.Nh6 h3 48.Rd2 Bg2 49.Kf2 Nf4 50.Kg3 Nh5+ 51.Kh2 Nxf6
52.gxf6 Kxh6 53.Rd3 Rg8 54.Rg3 Kh5 55.Kg1 e5 56.a3 bxa3 57.bxa3 a4 58.Rd3 Kg5
59.Rd6 e4 60.Kf2 e3+  0-1

[Event "2nd ch-EUR Women"]
[Site "Warsaw POL"]
[Date "2001.05.01"]
[Round "9"]
[White "Polovnikova,E"]
[Black "Fatalibekova,E"]
[Result "1/2-1/2"]
[WhiteElo "2377"]
[BlackElo "2284"]

1.e4 g6 2.d4 Bg7 3.Nc3 d6 4.f4 Nc6 5.d5 Nb8 6.Nf3 c6 7.Be3 cxd5 8.Bd4 Nf6
9.Nxd5 Nbd7 10.Nxf6+ Nxf6 11.Bb5+ Bd7 12.Bxd7+ Qxd7 13.Qd3 O-O 14.O-O-O Qa4
15.Kb1 Rac8 16.Rhe1 Rfd8 17.Qb3 Qxb3 18.axb3 b6 19.c3 Nd7 20.b4 Bxd4 21.Nxd4 a6
22.Kc2 Nb8 23.g4 e5 24.Ne2 Nc6 25.Kb3 a5 26.Rd5 axb4 27.cxb4 Ne7 28.Rb5 d5
29.fxe5 dxe4 30.Nc3 Nc6 31.Rd5 Nd4+ 32.Ka2 Nf3 33.Re2 Rxd5 34.Nxd5 Ra8+ 35.Kb1 b5
36.Nc3 Re8 37.Nxb5 Rxe5 38.Nc3 f5 39.gxf5 gxf5 40.b5  1/2-1/2

[Event "2nd ch-EUR Women"]
[Site "Warsaw POL"]
[Date "2001.05.02"]
[Round "10"]
[White "Moshina,C"]
[Black "Bosboom Lanchava,T"]
[Result "0-1"]
[WhiteElo "2235"]
[BlackElo "2351"]

1.e4 d6 2.d4 g6 3.Nc3 Bg7 4.g3 b6 5.Bg2 Bb7 6.Nge2 e6 7.O-O Nd7 8.Be3 Ngf6
9.e5 Nd5 10.Nxd5 exd5 11.exd6 c6 12.Qd2 O-O 13.Bf4 Nf6 14.h3 Ne8 15.Bg5 f6
16.Bh6 Bxh6 17.Qxh6 Nxd6 18.b3 Qd7 19.Qd2 Rae8 20.Nc3 Nf5 21.Rfe1 Qd6 22.Ne2 Ba6
23.c3 g5 24.Rac1 Qe6 25.c4 dxc4 26.d5 Qd6 27.bxc4 c5 28.Qd3 Qd7 29.Qa3 Bc8
30.Qd3 Nd6 31.Kh2 Kg7 32.Kg1 Ba6 33.Kh2 Re7 34.Bf1 Rfe8 35.Kg2 b5 36.Qa3 Bb7
37.Qxc5 Nxc4 38.Kg1 Qxd5 39.Qxd5 Bxd5 40.Rc3 Nd2 41.Rd1 Nf3+ 42.Kg2 Nd4+
43.Kg1 Nxe2+ 44.Bxe2 b4 45.Rc5 Bxa2 46.Bf3 Rb8 47.Ra5 Bf7 48.Rb1 Rd7 49.Be4 b3
50.Rb2 Rbd8 51.Kg2 Bc4 52.Rc5 Rd4 53.Bf5 Bd5+ 54.f3 Rc4 55.Ra5 Rc7 56.Kf2 Bc4
57.Be4 a6 58.Ke3 Rd1 59.g4 h5 60.Kf2 Rh1 61.Kg2 Rc1 62.gxh5 Kh6 63.Bg6 Bf7
64.Kg3 Bxg6 65.hxg6 Rg1+ 66.Kh2 Rc2+ 67.Kxg1 Rxb2 68.Rxa6 Ra2 69.Rb6 b2  0-1

[Event "2nd ch-EUR Women"]
[Site "Warsaw POL"]
[Date "2001.05.02"]
[Round "10"]
[White "Krivec,J"]
[Black "Erenska,H"]
[Result "1/2-1/2"]
[WhiteElo "2265"]
[BlackElo "2246"]

1.e4 d6 2.d4 g6 3.Nc3 Bg7 4.Be3 a6 5.Qd2 b5 6.a4 b4 7.Nd1 a5 8.c3 bxc3 9.bxc3 Bd7
10.Bd3 e5 11.dxe5 Bxe5 12.Nf3 Bg7 13.Bc4 Qe7 14.Ng5 Nh6 15.O-O O-O 16.f4 Ng4
17.h3 Nf6 18.Bd4 h6 19.e5 hxg5 20.exf6 Bxf6 21.Bxf6 Qxf6 22.fxg5 Qe5 23.Nb2 Qc5+
24.Kh1 Nc6 25.Rf4 Ne5 26.Ba2 Rab8 27.Rf6 Bf5 28.Rf1 Kg7 29.g4 Be4+ 30.Kh2 d5
31.Nd1 c6 32.Qf4 Qe7 33.Kg3 Nd3 34.Qd6 Qxd6+ 35.Rxd6 Nc1 36.Rf2 Nd3 37.Rd2 Rfc8
38.Nf2 Nc5 39.c4 dxc4 40.Bxc4 Rb4 41.R6d4 Bb1 42.Rf4 Rc7 43.Ba2 Rxf4 44.Kxf4 Bxa2
45.Rxa2 Ne6+ 46.Ke5 Nxg5 47.Kd6 Ne6 48.Ne4 Rb7 49.Nc5 Nxc5 50.Kxc5 Rb4 51.Ra3 g5
52.Kxc6 Kg6 53.Kd6 f5 54.gxf5+ Kxf5 55.Kd5 Kf4  1/2-1/2

[Event "XXXVI Capablanca Mem Premier II"]
[Site "Havana CUB"]
[Date "2001.05.05"]
[Round "1"]
[White "Garcia,Os"]
[Black "Bellon Lopez,JM"]
[Result "1-0"]
[WhiteElo "2300"]
[BlackElo "2429"]

1.e4 g6 2.d4 Bg7 3.Nc3 d6 4.h3 Nd7 5.Nf3 a6 6.Bd3 c5 7.Be3 b5 8.O-O Bb7 9.Re1 cxd4
10.Nxd4 Ngf6 11.a3 Nc5 12.Qd2 O-O 13.Bh6 e5 14.Nf3 Nh5 15.Bxg7 Kxg7 16.a4 b4
17.Nd5 Bxd5 18.exd5 Nxd3 19.cxd3 Qa5 20.d4 f6 21.dxe5 dxe5 22.Re4 Rab8 23.b3 Rfd8
24.Rd1 Nf4 25.d6 Rd7 26.g3 Ne6 27.Qb2 Kf7 28.Rxe5 fxe5 29.Nxe5+ Ke8 30.Nc6 Qh5
31.Qh8+ Nf8 32.Re1+ Kf7 33.Ne5+ Ke8 34.Nc6+ Kf7 35.Ne5+ Ke8 36.g4 Qxh3 37.Nxd7+ Kxd7
38.Qg7+ Kxd6 39.Qe5+ Kc6 40.Rc1+  1-0

[Event "ch-NED semi-finals"]
[Site "Leeuwarden NED"]
[Date "2001.05.06"]
[Round "2.2"]
[White "Van den Doel,E"]
[Black "Hommeles,T"]
[Result "1-0"]
[WhiteElo "2564"]
[BlackElo "2422"]

1.e4 g6 2.d4 Bg7 3.Nc3 d6 4.Be3 c6 5.Qd2 b5 6.Bd3 Nd7 7.Nf3 Qc7 8.O-O Bb7
9.a4 b4 10.Ne2 c5 11.c3 c4 12.Bb1 b3 13.d5 Ngf6 14.Ned4 Nc5 15.Nb5 Qc8 16.Qe2 Ncxe4
17.Bxe4 Nxe4 18.Bd4 Bxd4 19.Nfxd4 a6 20.Qxe4 axb5 21.axb5 f5 22.Qf3 Qc5 23.Ne6 Qb6
24.Rxa8+ Bxa8 25.Ra1 Kd7 26.Nd4 Qc5 27.Nc6 Qxb5 28.Ra7+ Bb7 29.Qe3 e5 30.Qh6  1-0